Loading...
| Science - Physics | 0 | 6 | 1 | 3 | 55 | 59 | 97.67 | 1 | 3 | 9.47 | 37.27 |
| Science - Chemistry | 0 | 5 | 1 | 1 | 45 | 27 | 78.60 | 2 | 2 | 15.71 | 31.00 |
| Philosophy | 0 | 3 | 0 | 0 | 30 | 87 | 103.00 | 0 | 0 | 4.14 | 8.45 |
| Science - Biology | 0 | 4 | 2 | 2 | 30 | 70 | 88.50 | 0 | 0 | 8.06 | 17.64 |
| Mythology | 0 | 4 | 2 | 1 | 30 | 93 | 108.75 | 0 | 0 | 4.78 | 13.09 |
| History - Other | 0 | 3 | 1 | 0 | 25 | 65 | 105.00 | 1 | 1 | 4.91 | 14.55 |
| History - World | 0 | 2 | 0 | 1 | 20 | 102 | 114.50 | 0 | 0 | 1.59 | 5.45 |
| Science - Other | 0 | 3 | 2 | 0 | 20 | 68 | 89.33 | 0 | 0 | 7.10 | 13.45 |
| Religion | 0 | 2 | 1 | 0 | 15 | 89 | 99.00 | 0 | 0 | 3.81 | 11.82 |
| Other Academic | 0 | 1 | 0 | 0 | 10 | 125 | 125.00 | 0 | 0 | 0.00 | 3.03 |
| History - American | 0 | 1 | 0 | 0 | 10 | 123 | 123.00 | 0 | 0 | 0.61 | 1.82 |
| History - European | 0 | 1 | 0 | 0 | 10 | 109 | 109.00 | 0 | 0 | 1.48 | 4.55 |
| Literature - World | 0 | 1 | 0 | 0 | 10 | 152 | 152.00 | 0 | 0 | 0.00 | 0.91 |
| Fine Arts - Other | 0 | 1 | 0 | 0 | 10 | 124 | 124.00 | 0 | 1 | 0.00 | 1.82 |
| Popular Culture | 0 | 0 | 1 | 0 | -5 | 0.00 | 0 | 0 | 0.00 | 0.00 |